Normal view
MARC view
- Karwemera,Festo
Entry Personal Name
001 - CONTROL NUMBER
- control field: 7070
003 - CONTROL NUMBER IDENTIFIER
- control field: OSt
005 - DATE AND TIME OF LATEST TRANSACTION
- control field: 20201112124532.0
008 - FIXED-LENGTH DATA ELEMENTS
- fixed length control field: 201112|| aca||aabn | a|a d
040 ## - CATALOGING SOURCE
- Original cataloging agency: OSt
- Transcribing agency: OSt
100 ## - HEADING--PERSONAL NAME
- Personal name: Karwemera,Festo
670 ## - SOURCE DATA FOUND
- Source citation: Work cat.: (OSt): Nsibambi N.B. 7066, Twegye orurimi rwaitu :